| 000 | 00506nam a2200145 a 4500 | ||
|---|---|---|---|
| 001 | 000031732 | ||
| 005 | 20200930063134.0 | ||
| 008 | 110630s19uu dr a 000 0 spa d | ||
| 040 |
_aDO-SdBNP _bspa _cBNPHU |
||
| 110 | 1 |
_aRepública Dominicana _bSecretaría de Estado de Deportes, Educación Física y Recreación _936997 |
|
| 245 | 1 | 0 | _aMantenga su figura : división de educación física extra-escolar. |
| 260 |
_aSanto Domingo : _bSEDEFIR, _c[19-?.]. |
||
| 300 |
_a10 p. : _bil. ; _c23 cm. |
||
| 049 | _aBNPD | ||
| 999 |
_c31224 _d31224 |
||